000 00686nas a2200229 4500
001 BR8800495
003 BR-BrBNA
005 20231205091022.0
007 ta
008 230509b bl.|||p| |||| 00| 00por d
040 _aBR-BrBNA
_bpor
_cBiblioteca Nacional de Agricultura
041 _a(Pt)
072 _aQ02
100 1 _aFugmann, H.A.J.
100 1 _aBueno, A. de D.
245 1 _aMacarrao formulado com sarraceno
650 _aMACARRAO
650 _aSARRACENO
773 0 _tBoletim do Centro de Pesquisa e Processamento de Alimentos (Brazil)
_xISSN 0102-0323
_g(Jul-Dec 1985), v. 3(2) p. 39-60
_wBR8800495
909 _a202311
_bLúcia
_c55
_dLúcia Elande
942 _2AGRIS
_n0
_cANA
999 _c122256
_d122256